ბათუმის შოთა რუსთაველის სახელმწიფო უნივერსიტეტის ბიბლიოთეკა

Разделение углеродных и гетероатомных соединений нефти. (ბიბ.ჩანაწერი № 38255)

000 -LEADER
fixed length control field 00730nam a2200217Ia 4500
001 - CONTROL NUMBER
control field 4245
003 - CONTROL NUMBER IDENTIFIER
control field GE_BSU
008 - FIXED-LENGTH DATA ELEMENTS--GENERAL INFORMATION
fixed length control field 181216s||||||||xx |||||||||||||| ||und||
040 ## - CATALOGING SOURCE
Transcribing agency GE_BSU
080 ## - UNIVERSAL DECIMAL CLASSIFICATION NUMBER
Universal Decimal Classification number 665.6.081.3(075.8)
100 ## - MAIN ENTRY--PERSONAL NAME
Personal name Бенашвили, Е.М.
245 ## - TITLE STATEMENT
Title Разделение углеродных и гетероатомных соединений нефти.
245 ## - TITLE STATEMENT
Statement of responsibility, etc. Ред. акад. ан груз.ССР Л.Д.Меликадзе.
260 ## - PUBLICATION, DISTRIBUTION, ETC.
Place of publication, distribution, etc. Тб.
260 ## - PUBLICATION, DISTRIBUTION, ETC.
Name of publisher, distributor, etc. Мецниереба.
260 ## - PUBLICATION, DISTRIBUTION, ETC.
Date of publication, distribution, etc. 1987.
300 ## - PHYSICAL DESCRIPTION
Extent 148стр. 19см.
300 ## - PHYSICAL DESCRIPTION
Accompanying material табл.
653 ## - INDEX TERM--UNCONTROLLED
Uncontrolled term Разделение углеродных и гетероатомных соединений нефти.
942 ## - ADDED ENTRY ELEMENTS (KOHA)
Koha item type წიგნი
ეგზემპლარები
Withdrawn status Lost status Damaged status Not for loan Date acquired Barcode Date last seen Price effective from Koha item type Public note
        2018-12-17 9527 2018-12-17 2018-12-17 წიგნი საცავი